000 00629nam a2200205Ia 4500
003 GCL
008 140319s9999 xx 000 0 ara d
040 _aGCL /
_cGCL
082 0 4 _a780.92
_bع ا
100 1 _aعبدالحميد توفيق زكى
245 1 0 _aالسيد درويش فى عيد ميلاده المئوى /
_cعبدالحميد توفيق زكى
260 _a[S.N] :
_bدار المعارف ،
_c1992
300 _a112
490 _a
650 0 4 _aمصر
650 0 4 _aالموسيقى
650 0 4 _aالموسيقيون المصريون
650 0 4 _aالموسيقى الشرقية
942 _2ddc
_cBK
999 _c29313
_d29313